Gaming Quiz

Random Gaming or Video Games Quiz

Best-selling games on each of these major consoles Quiz Stats

 Plays Quiz not verified by Sporcle

Also try: 'E'-Less Pokémon
Challenge
Share
Tweet
Embed
Score 0/20 Timer 07:00
0 Plays Today
Console Best-Selling Title % Correct
Nintendo Entertainment SystemSuper Mario Bros.
86.8%
Nintendo 64Super Mario 64
84.2%
WiiWii Sports
81.6%
Super Nintendo Entertainment SystemSuper Mario World
78.9%
Game BoyTetris
65.8%
XboxHalo 2
65.8%
Nintendo GameCubeSuper Smash Bros. Melee
60.5%
Sega Genesis/Mega DriveSonic the Hedgehog
55.3%
Sega DreamcastSonic Adventure
47.4%
Game Boy ColorPokémon Gold and Pokémon Silver
42.1%
Console Best-Selling Title % Correct
Game Boy AdvancePokémon Ruby and Pokémon Sapphire
42.1%
Nintendo DSNew Super Mario Bros.
42.1%
Atari 2600Pac-Man
42.1%
PlayStation 2Grand Theft Auto: San Andreas
36.8%
PlayStationGran Turismo
31.6%
PlayStation 3Grand Theft Auto V
26.3%
Xbox 360Kinect Adventures!
21.1%
Sega SaturnVirtua Fighter 2
10.5%
PCDiablo III
7.9%
PlayStation PortableMonster Hunter Portable 3rd
5.3%

You're not logged in!

Compare scores with friends on all Sporcle quizzes.
Join for Free
OR
Log In

You Might Also Like...

Show Comments

Extras

Top Quizzes Today


Score Distribution

Your Account Isn't Verified!

In order to create a playlist on Sporcle, you need to verify the email address you used during registration. Go to your Sporcle Settings to finish the process.

Report this User

Report this user for behavior that violates our Community Guidelines.

Details: